Регионална библиотека "Любен Каравелов" - Русе

Революцията през неолита (Запис номер 16061)

MARC детайли
000 -Лидер
Контролно поле с фиксирана дължина 01916nam a2200361 c 4500
003 - Код на организацията, давaща контролен номер
Контролно поле BLK
005 - Дата и час на последна редакция
Контролно поле 20210127140046.0
008 - Елементи от данни с фиксирана дължина
fixed length control field 180413b bul|||||r ||||||| ||bul||
010 ## - Наследен системен номер
LC control number KNG00017889000
020 ## - Международен стандартен номер на книга ISBN
Международен стандартен номер на книга ISBN 954-481-013-7
040 ## - Източник на каталожния запис
Идентификатор на билиотеката - собственик на записа BLK
041 ## - Код за език
Код за езика на текст/звукозапис или на отделно заглавие Български
Код за езика КДБФ Български
080 ## - УДК
Текстов определител УДК Предистория. Предист. паметници на материалната култура и тяхната интерпретация - оръдия на труда, оръжия, култови предмети, мегалити, пещерни и накол
УДК код - определител по УДК 903
УДК определител "634":087.5
УДК - код + определител 903"634":087.5
100 1# - Редна дума - Автор
Автор Лубутен, Катрин
Авторска отговорност първи автор
R(LIN) 89703
139 ## - Редно поле
Редна дума Лубутен, Катрин
Авторски знак Лу - Л 85
245 10 - Сведения за заглавието
Заглавие Революцията през неолита
Подзаглавни данни Мегалитни паметници ; Майсторите на огъня - начало на металодобива
Редно поле (дума) Катрин Лубутен; прев. от фр. Никола Аспарухов Георгиев; ил. Жил Тозело.
257 ## - Страна на издаване
Страна на създаване/издаване Франция
260 ## - Област на издателските данни
Име на издателя, разпространителя и проч. Класика
Година на издаване 1997
300 ## - Физическа характеристика
Страници 113-128 с.
Илюстрации и др. с цв. ил.
Размери/Мащаб 30 см
380 ## - Жанр
Жанр История
490 ## - СЕРИИ (Колекции)
Име на серия Еволюцията : Енциклопедия Larousse
№: серия бр. 8
9 (RLIN) 439631
500 ## - Общи забележки
Забележка Кор. опис. - Ориг. загл. Le neolithiqueune revolution / Catherine Louboutin. - Авт. отбелязан в библиогр. каре ; Други ил.: Ж.-Ф. Шабо, П.-М. Вала. - Офс. изд.
650 #4 - Допълнително описание по предмет – тема
Основно описание – тема или топоним Неолит
9 (RLIN) 164143
653 ## - Ключова дума – ненормативна
Ключова дума неолит
700 1# - Други автори (авторска отговорност)
Лично име Георгиев, Никола Аспарухов
Автороска отговорност (Описва отношението между автора и произведението) прев. от фр.
9 (RLIN) 364835
700 1# - Други автори (авторска отговорност)
Лично име Тозело, Жил
Автороска отговорност (Описва отношението между автора и произведението) ил.
9 (RLIN) 129833
852 ## - Местоположение
Форматна сигнатура Цб ІІ 8691
856 4# - Електронен адрес и достъп
Електронен формат pdf - файл
Път до файла /url/
856 4# - Електронен адрес и достъп
Електронен формат pdf - файл
Път до файла /url/
999 ## - СИСТЕМНИ КОНТРОЛНИ НОМЕРА
Koha biblionumber 16061
Koha biblioitemnumber 16061
942 ## - АРТИКУЛИ
Вид на библиотечния материал Книги
Скрит в OPAC Не
Периодичен библиозапис Да
944 ## - СЪЗДАВАНЕ И РЕДАКЦИЯ на ЗАПИСА
Създаване/Редакция Създаване
Дата на регистрацията/редакция 15.01.2003
Служител, извършил регистрацията/редакцията AB_DOS
944 ## - СЪЗДАВАНЕ И РЕДАКЦИЯ на ЗАПИСА
Създаване/Редакция Редакция
Дата на регистрацията/редакция 13.07.2015
Служител, извършил регистрацията/редакцията Теодора_Стоянова
999 ## - СИСТЕМНИ КОНТРОЛНИ НОМЕРА
Koha biblioitemnumber 16061
Наличности
Код за отписване Код за изгубен артикул Източник на класификационната схема Код за повреда Коз за рестрикции Код за отдаване Артикулен № Име на библиотеката - собственик Име на библиотеката, в която се намира в момента Статус (Текущо местоположение) Дата на вписване в системата Местоположение - отдел Цена в лева Инвентарен номер Систематично азбучна сигнатура Баркод Номер на екземпляра Цена в евро Служебен тип на артикула Служебна бележка
  Не е изгубен Universal Decimal Classification Не е повреден само за читалня ползва се в читалня 27147 Регионална библиотека "Любен Каравелов" Русе Регионална библиотека "Любен Каравелов" Русе Хранилище 2001-01-01 Хранилище 0.00 633113 Цб II 8691 120000633113 1 0.00 Книги  
Изтеглен Не е изгубен Universal Decimal Classification Не е повреден без рестрикции заемане за дома 27148 Регионална библиотека "Любен Каравелов" Русе Регионална библиотека "Любен Каравелов" Русе Детски отдел 2001-01-01 Детски отдел 1.50 639090 ДН 9/Л 85 639090 2 0.77 Книги Дата инв: 25.08.2015 Бележки инв: Д2015
Vip Innovations Ltd, Rousse, Bulgaria 2025